书目信息 |
| 题名: |
关注上海洪潮灾害
|
|
| 作者: | 胡昌新 编著 | |
| 分册: | ||
| 出版信息: | 上海 上海交通大学出版社 2016 |
|
| 页数: | 192页 | |
| 开本: | 24cm | |
| 丛书名: | ||
| 单 册: | ||
| 中图分类: | P426.616 | |
| 科图分类: | ||
| 主题词: | 洪水--水灾--灾害防治--上海 | |
| 电子资源: | ||
| ISBN: | 978-7-313-13956-6 | |
| 000 | 01276nam0 2200253 450 | |
| 001 | 3683 | |
| 005 | 20181008130530.52 | |
| 010 | @a978-7-313-13956-6@dCNY45.00 | |
| 100 | @a20161108d2016 em y0chiy50 ea | |
| 101 | 0 | @achi |
| 102 | @aCN@b310000 | |
| 105 | @aa z 000yy | |
| 200 | 1 | @a关注上海洪潮灾害@9guan zhu shang hai hong chao zai hai@dFocus on the flood disasters in Shanghai@zeng@f胡昌新[等]编著 |
| 210 | @a上海@c上海交通大学出版社@d2016 | |
| 215 | @a192页@c图@d24cm | |
| 304 | @a编著者还有:顾圣华、何金林、金云 | |
| 314 | @a胡昌新 (1928-),男,高级工程师,长期从事水文水资源工作。1952年毕业于浙江大学土木系。先后在水电部上海勘测设计院、江苏省水文总站和上海市水文总站等单位工作。编著有《上海水史话》一书。 | |
| 330 | @a本书阐述了上海洪潮灾害的概况与特点,并考虑城市化进展与水环境变化等综合影响,选取实例对上海遭受风暴潮、暴雨和上游洪水等灾害的现状,作发生、发展与成因分析;采取遗迹与文献相验证的方法,对上海历史上的风暴潮和洪水等灾害调查考证,推得可靠调查成果;专题讨论部分对上海设防潮位的若干问题加以探讨研究。 | |
| 510 | 1 | @aFocus on the flood disasters in Shanghai@zeng |
| 606 | 0 | @a洪水@x水灾@x灾害防治@y上海 |
| 690 | @aP426.616@v5 | |
| 701 | 0 | @a胡昌新@9hu chang xin@f(1928-)@4编著 |
| 801 | 0 | @aCN@b91MARC@c20161118 |
| 905 | @aMuseLib@dP426.616@e113 | |
| 关注上海洪潮灾害=Focus on the flood disasters in Shanghai/胡昌新[等]编著.-上海:上海交通大学出版社,2016 |
| 192页:图;24cm |
| ISBN 978-7-313-13956-6:CNY45.00 |
| 本书阐述了上海洪潮灾害的概况与特点,并考虑城市化进展与水环境变化等综合影响,选取实例对上海遭受风暴潮、暴雨和上游洪水等灾害的现状,作发生、发展与成因分析;采取遗迹与文献相验证的方法,对上海历史上的风暴潮和洪水等灾害调查考证,推得可靠调查成果;专题讨论部分对上海设防潮位的若干问题加以探讨研究。 |
| ● |
| 相关链接 |
|
|
|
|
正题名:关注上海洪潮灾害
索取号:P426.616/113
 
预约/预借
| 序号 | 登录号 | 条形码 | 馆藏地/架位号 | 状态 | 备注 |
| 1 | 1123207 | 211232076 | 第二样本阅览室/ [索取号:P426.616/113] | 在馆 | |
| 2 | 1123208 | 211232085 | 第三借阅区/ [索取号:P426.616/113] | 在馆 | |
| 3 | 1123209 | 211232094 | 第三借阅区/ [索取号:P426.616/113] | 在馆 | |
| 4 | 1123210 | 211232101 | 密集书库-资源管理系/ [索取号:P426.616/113] | 在馆 | |
| 5 | 1123211 | 211232110 | 第三借阅区/ [索取号:P426.616/113] | 在馆 |